Catálogo

CHEMICAL TECHNICIANSREADY REFERENCE HANDBOOK (Registro nro. 52322)

Detalles MARC
000 -LEADER
fixed length control field 00703nam a2200205 a 4500
001 - CONTROL NUMBER
control field 52322
005 - DATE AND TIME OF LATEST TRANSACTION
control field 20180714042128.0
008 - FIXED-LENGTH DATA ELEMENTS--GENERAL INFORMATION
fixed length control field 140415s1990 xxu 000 0 eng d
020 ## - INTERNATIONAL STANDARD BOOK NUMBER
International Standard Book Number 007057183X
041 ## - LANGUAGE CODE
Language code of text/sound track or separate title eng
082 ## - DEWEY DECIMAL CLASSIFICATION NUMBER
Classification number 542
Item number SHU
100 1# - MAIN ENTRY--PERSONAL NAME
Personal name SHUGAR, GERSHON J.
245 10 - TITLE STATEMENT
Title CHEMICAL TECHNICIANSREADY REFERENCE HANDBOOK
250 ## - EDITION STATEMENT
Edition statement 1a ed.
260 ## - PUBLICATION, DISTRIBUTION, ETC.
Place of publication, distribution, etc. ESTADOS UNIDOS DE AMERICA :
Name of publisher, distributor, etc. MCGRAW-HILL INC.,
Date of publication, distribution, etc. 1990
300 ## - PHYSICAL DESCRIPTION
Extent 353
Dimensions 19.3 x 4 x 24
520 ## - SUMMARY, ETC.
Summary, etc. THIS BOOK IS THE DEFINITIVE REFERENCE ON THE DAY TO DAY PROCEDURES, TECHNIQUES, AND FORMULAS ENCOUNTERED IN THE MODERN CHEMICAL LABORATIRY.
650 14 - SUBJECT ADDED ENTRY--TOPICAL TERM
Topical term or geographic name entry element QUIMICA
General subdivision MANUAL
700 1# - ADDED ENTRY--PERSONAL NAME
Personal name BALLINGER, JACK T.
Relator term coaut.
Existencias
Withdrawn status Lost status Source of classification or shelving scheme Damaged status Not for loan Collection code Home library Current library Shelving location Date acquired Source of acquisition Inventory number Total Checkouts Full call number Barcode Date last seen Price effective from Koha item type
    Dewey Decimal Classification     General Biblioteca Karol Wojtyla Biblioteca Karol Wojtyla Sala general 03/12/2013 Compra 151000000000000000038819   542 SHU 77775 05/01/2026 03/12/2013 Libro